00468 2200181 4500001002100000005001500021035002000036245005200056100001700108250001700125300003200142260003100174082001000205084001600215020002200231650001500253500001800268INLIS00000000000065320240828081901 a0010-08240001711 aBeternak Kelinci dan Manfaatnya /cSiti Rochani0 aSiti Rochani acetakan ke-1 aiv, 91 hlm :bIlus ;c23 cm aJakarta :bJP Books,c2007 a636.9 a636.9 SIT b a978-979-3487-80-9 4aPeternakan aSeri Beternak